Factura electrónica. Panorama internacional- Primera parte (Registro nro. 13137)
[ vista simple ]
| 000 -LEADER | |
|---|---|
| fixed length control field | 00347 a2200109 4500 |
| 001 - CONTROL NUMBER | |
| control field | ART_8019 |
| 005 - DATE AND TIME OF LATEST TRANSACTION | |
| control field | 20260410161639.0 |
| 008 - FIXED-LENGTH DATA ELEMENTS--GENERAL INFORMATION | |
| fixed length control field | 260409a |
| 100 1# - MAIN ENTRY--PERSONAL NAME | |
| Personal name | Edelstein, Andrés M. |
| 245 10 - TITLE STATEMENT | |
| Title | Factura electrónica. Panorama internacional- Primera parte |
| 773 0# - HOST ITEM ENTRY | |
| Title | Consultor tributario |
| Related parts | - Vol. 2, Nº 22 (dic. 2008) |
| Record control number | REV474 |
No hay ítems disponibles.